| 000 | 01545nam a2200301 a 4500 | ||
|---|---|---|---|
| 003 | AM-YeHGA | ||
| 005 | 20250618080208.0 | ||
| 008 | 250310s1890 ru ||||r|||||00||0|arm|d | ||
| 040 | _aAM-YeHGA | ||
| 041 | 0 | _aarm | |
| 100 | 1 |
_aԽալաթյան, Գրիգոր Աբրահամի, _d1858-1912 |
|
| 245 | 1 | 0 |
_aՄովսէս Խորենացու Հայկական պատմութիւն / _bՔննադատութիւն / _cԳր. Խալաթեան ; Աշխարհաբար թարգմ․ և լուսաբանեց Խորէն ծ.վ. Ստեփանէ. |
| 260 |
_aՍ. Պետերբուրգ : _bԻ. Ն. Սկորոխոդովի տպարան, _c1890. |
||
| 300 | _a(2 գիրք մեկ կազմի մեջ) ; 39 էջ | ||
| 500 | _aՇարվածքը՝ 18x11 սմ։ | ||
| 500 | _aԱրտատպուած «Արաքս» պատկերազարդ հանդիսից։ | ||
| 500 | _aՀեղ․ ցույց է տրված տեքստի վերջում։ | ||
| 501 | _aՄեկ կազմի մեջ՝ Եղիշէի Վարդանանց պատմութիւնը / Գրիգոր Խալաթեան։ Թիֆլիս: Տպարան Մ.Դ. Ռօտինեանցի։ 1892․ | ||
| 504 | _aՏողատակին՝ մատենագիտական ծանոթագրություններ։ | ||
| 600 | 0 | 7 |
_aՄովսես Խորենացի, _dմոտ 410-490 _2 |
| 650 | 1 | 4 | _aԳրականագիտություն |
| 651 | 0 | 4 |
_aՍանկտ Պետերբուրգ _98369 |
| 651 | 0 | 4 | _aՌուսաստան |
| 740 | 0 | 2 | _aԵղիշէի Վարդանանց պատմութիւնը |
| 942 |
_2udc _cBK |
||
| 001 | 2010174 | ||
| 090 | _c573016 | ||
| 999 |
_c533612 _d533612 |
||